| 000 | 00487nam a2200181 a 4500 | ||
|---|---|---|---|
| 001 | 1771563656147 | ||
| 003 | YourLibrary | ||
| 005 | 20260220105809.0 | ||
| 008 | 260220s2010##################000#0#eng## | ||
| 020 | _a9781848447653 | ||
| 082 | 0 | 4 |
_a336.243 _bNOR |
| 100 | 1 |
_aCreedy, John, _eauthor. |
|
| 245 | 1 | 0 | _aModelling Corporation Tax Revenue : |
| 260 |
_bEdward Elgar Publishing, _c2010. |
||
| 650 | 0 | _aCorporations. | |
| 942 | _cENGLISH | ||
| 040 |
_aYourLibrary _beng _cYourLibrary |
||
| 999 |
_c613118 _d613118 |
||